000 00739nam a2200289Ia 4500
005 20260324112935.0
008 008 260324s9999 xx 000 0 eng d
020 _a9781003381594
037 _aEBOOK
040 _aCRL
040 _beng
040 _cCRL
041 _2eng
041 _aeng
084 _qCRL
100 _aSamantha Prust
_91144769
245 2 _aA Sentence a Day
245 0 _bShort, Playful Proofreading Exercises to Help Students Avoid Tripping Up When They Write (Grades 6-9)
260 _bTaylor and Francis
260 _c2024
365 _a
365 _b72.99
856 _uhttp://www.taylorfrancis.com/books/9781003381594
942 _cEBOOK
999 _c1734167
_d1734167